জামালপুর জেলায় ইসলাম প্রচার / (Record no. 27180)

MARC details
000 -LEADER
fixed length control field 00935nam a22002297a 4500
003 - CONTROL NUMBER IDENTIFIER
control field BDDh-ASL
005 - DATE AND TIME OF LATEST TRANSACTION
control field 20231015030732.0
008 - FIXED-LENGTH DATA ELEMENTS--GENERAL INFORMATION
fixed length control field 200917b1988 b ||||| b||| 001 0 b d
020 ## - INTERNATIONAL STANDARD BOOK NUMBER
International Standard Book Number 9840601849
040 ## - CATALOGING SOURCE
Original cataloging agency BDDh-ASL
Transcribing agency BDDh-ASL
Modifying agency BDDh-ASL
041 ## - LANGUAGE CODE
Language code of text/sound track or separate title bengali
082 ## - DEWEY DECIMAL CLASSIFICATION NUMBER
Classification number 297.5492
Item number ISJ
100 1# - MAIN ENTRY--PERSONAL NAME
9 (RLIN) 5441
Personal name ইসলাম, মুফাখ্খারুল
245 1# - TITLE STATEMENT
Title জামালপুর জেলায় ইসলাম প্রচার /
246 ## - VARYING FORM OF TITLE
Title proper/short title Jamalpur Jelay Islam Prochar
260 ## - PUBLICATION, DISTRIBUTION, ETC.
Place of publication, distribution, etc. ঢাকা:
Name of publisher, distributor, etc. ইসলামিক ফাউণ্ডেশন বাংলাদেশ,
Date of publication, distribution, etc. ১৯৮৮।
300 ## - PHYSICAL DESCRIPTION
Extent ৮৩ পৃষ্ঠা:
Dimensions ২২ সে. মি.।
504 ## - BIBLIOGRAPHY, ETC. NOTE
Bibliography, etc. note গ্রন্থপঞ্জি সংযুক্ত।
650 #0 - SUBJECT ADDED ENTRY--TOPICAL TERM
9 (RLIN) 860
Topical term or geographic name entry element ইসলাম প্রচার
General subdivision ইসলাম ধর্ম
651 #0 - SUBJECT ADDED ENTRY--GEOGRAPHIC NAME
9 (RLIN) 5442
Geographic name জামালপুর
942 ## - ADDED ENTRY ELEMENTS (KOHA)
Source of classification or shelving scheme Dewey Decimal Classification
Koha item type Books
Holdings
Withdrawn status Lost status Source of classification or shelving scheme Damaged status Not for loan Collection code Home library Current library Shelving location Date acquired Source of acquisition Total Checkouts Full call number Barcode Date last seen Copy number Price effective from Koha item type
    Dewey Decimal Classification     Non-fiction Asiatic Society Library Asiatic Society Library General Stacks 10/26/2021 ASB Collection   297.5492 ISJ 113266 10/26/2021 C-1 10/26/2021 Books

Powered by Koha